This is your brain on music : (Record no. 769)

MARC details
000 -LEADER
fixed length control field 00821cam a22002658a 4500
005 - DATE AND TIME OF LATEST TRANSACTION
control field 20260322212033.0
008 - FIXED-LENGTH DATA ELEMENTS--GENERAL INFORMATION
fixed length control field data
010 ## - LIBRARY OF CONGRESS CONTROL NUMBER
LC control number 2006009055
020 ## - INTERNATIONAL STANDARD BOOK NUMBER
International Standard Book Number 0525949690 (hardcover)
020 ## - INTERNATIONAL STANDARD BOOK NUMBER
International Standard Book Number 9780525949695 (hardcover)
040 ## - CATALOGING SOURCE
Original cataloging agency DLC
Transcribing agency DLC
Modifying agency DLC
042 ## - AUTHENTICATION CODE
Authentication code pcc
050 00 - LIBRARY OF CONGRESS CALL NUMBER
Classification number ML3830
Item number .L38 2006
082 00 - DEWEY DECIMAL CLASSIFICATION NUMBER
Classification number 781/.11
Edition information 22
096 ## - LOCALLY ASSIGNED NLM-TYPE CALL NUMBER (OCLC)
Classification number WM 450.5.M8 L38 2006
001 - CONTROL NUMBER
control field data
100 1# - MAIN ENTRY--PERSONAL NAME
Personal name Levitin, Daniel J.
245 10 - TITLE STATEMENT
Title This is your brain on music :
Remainder of title how an essential human obsession made us who we are /
Statement of responsibility, etc. Daniel J. Levitin.
260 ## - PUBLICATION, DISTRIBUTION, ETC.
Place of publication, distribution, etc. New York, N.Y. :
Name of publisher, distributor, etc. Dutton,
Date of publication, distribution, etc. 2006.
263 ## - PROJECTED PUBLICATION DATE
Projected publication date 0608
300 ## - PHYSICAL DESCRIPTION
Extent p. cm.
504 ## - BIBLIOGRAPHY, ETC. NOTE
Bibliography, etc. note Includes bibliographical references and index.
650 #0 - SUBJECT ADDED ENTRY--TOPICAL TERM
Topical term or geographic name entry element Music
General subdivision Psychological aspects.
856 41 - ELECTRONIC LOCATION AND ACCESS
Materials specified Table of contents
Uniform Resource Identifier <a href="http://www.loc.gov/catdir/toc/ecip0610/2006009055.html">http://www.loc.gov/catdir/toc/ecip0610/2006009055.html</a>
Holdings
Withdrawn status Lost status Damaged status Not for loan Home library Current library Shelving location Date acquired Total checkouts Full call number Barcode Date last seen Price effective from Koha item type
        Pleasant Valley Pleasant Valley General stacks 22/03/2026   781/.11 22 BC0010789 22/03/2026 22/03/2026 Books